ბათუმის შოთა რუსთაველის სახელმწიფო უნივერსიტეტის ბიბლიოთეკა

ქართული ფილოსოფიური აზრის ისტორია : (ბიბ.ჩანაწერი № 41336)

000 -ლიდერი
ფიქსირებული სიგრძის საკონტროლო ველი 01880nam a2200313Ia 4500
001 - საკონტროლო ნომერი
საკონტროლო ველი 7994
003 - საკონტროლო ნომრის იდენტიფიკატორი
საკონტროლო ველი GE_BSU
005 - ბოლო ოპერაციის თარიღი და დრო
საკონტროლო ველი 20221004104204.0
008 - ფიქსირებული სიგრძის მონაცემთა ელემენტები - ზოგადი ინფორმაცია
ფიქსირებული სიგრძის საკონტროლო ველი 181216s2013ge xx |||||||||||||| ||geo||
020 ## - წიგნის საერთაშორისო სტანდარტული ნომერი
International Standard Book Number 9789941179440
040 ## - კატალოგიზაციის წყარო
Transcribing agency GE_BSU
041 ## - ენის კოდი
Language code of text/sound track or separate title geo
080 ## - უნივერსალური ათობითი კლასიფიკაციის ინდექსი
Universal Decimal Classification number 1(479.22)(09) ქ-27
245 ## - ცნობა სათაურის შესახებ
Title ქართული ფილოსოფიური აზრის ისტორია :
Remainder of title I ტომი /
Statement of responsibility, etc პირველი ტომის რედ: შალვა ხიდაშელი, მიხეილ მახარაძე, სარედ. კოლ : ა. აფაქიძე, თ. ბუაჩიძე, გ. თევზაძე და სხვ
250 ## - გამოცემის ცნობა
Edition statement მე-2 გამოცემა
264 ## - წარმოების, გამოცემის, დისტრიბუციის და სხვა ცნობები
გამოცემის, წარმოების, დისტრიბუციის... ადგილი თბილისი :
გამოცემის, წარმოების, დისტრიბუციის... სახელწოდება უნივერსალი,
გამოცემის, წარმოების, დისტრიბუციის... თარიღი 2013.
300 ## - ფიზიკური აღწერა
Extent 22 სმ;
Dimensions 523 გვ.
501 ## - შენიშვნა თანმხლებ მასალაზე
With note შენიშვნები: გვ. 467-506.საძიებელი: გვ. 509-521.
520 ## - SUMMARY, ETC.
Summary, etc რეზ. ინგლ.
653 ## - INDEX TERM--UNCONTROLLED
Uncontrolled term ქართული ფილოსოფიური აზრის ისტორია
653 ## - INDEX TERM--UNCONTROLLED
Uncontrolled term ფილისოფია
700 ## - ADDED ENTRY--PERSONAL NAME
Personal name ხიდაშელი, შალვა
Relator term რედაქტორი
9 (RLIN) 14997
700 ## - ADDED ENTRY--PERSONAL NAME
Personal name მახარაძე, მიხეილ
Relator term რედაქტორი
9 (RLIN) 14998
700 ## - ADDED ENTRY--PERSONAL NAME
Personal name აფაქიძე, ა
Relator term სარედაქციო კოლეგია
9 (RLIN) 14999
700 ## - ADDED ENTRY--PERSONAL NAME
Personal name ბუაჩიძე, თ
Relator term სარედაქციო კოლეგია
9 (RLIN) 1329
700 ## - ADDED ENTRY--PERSONAL NAME
Personal name თევზაძე, გ
Relator term სარედაქციო კოლეგია
9 (RLIN) 15000
710 ## - ADDED ENTRY--CORPORATE NAME
Corporate name or jurisdiction name as entry element ბათუმის შოთა რუსთაველის სახელმწ. უნ-ტი, ფილოსოფიის დეპარტამენტი
9 (RLIN) 6058
942 ## - ADDED ENTRY ELEMENTS (KOHA)
Koha item type წიგნი
Source of classification or shelving scheme
ეგზემპლარები
ჩამოწერის სტატუსი დაკარგული ეგზემპლარის სტატუსი კლასიფიკაციის წყარო ან თაროზე გაწყობის სქემა დაზიანების სტატუსი არ გაიცემა მუდმივი მდებარეობა (დაცვის ადგილი) ამჟამინდელი ადგილსამყოფელი თაროზე განთავსების ადგილი შეძენის თარიღი ღირებულება, შესყიდვის ნორმალური ფასი სრული შენახვის შიფრი შტრიხკოდი ბოლო ოპერაციის თარიღი ეგზემპლარის მიმდევრობითი ნომერი (კეტერი?) ფასის ძალაში შესვლის თარიღი ეგზემპლარის სახეობა საჯარო შენიშვნა
          ბათუმის შოთა რუსთაველის სახელმწიფო უნივერსიტეტის მთავარი ბიბლიოთეკა ბათუმის შოთა რუსთაველის სახელმწიფო უნივერსიტეტის მთავარი ბიბლიოთეკა წიგნსაცავი 2018-12-17 15.00 1(479.22)(09) ქ-27 25089 2018-12-17 25089 2018-12-17 წიგნი 15ლ.20თ.
          ბათუმის შოთა რუსთაველის სახელმწიფო უნივერსიტეტის მთავარი ბიბლიოთეკა ბათუმის შოთა რუსთაველის სახელმწიფო უნივერსიტეტის მთავარი ბიბლიოთეკა წიგნსაცავი 2018-12-17 15.00 1(479.22)(09) ქ-27 33689 2018-12-17 33689 2018-12-17 წიგნი 15ლ.20თ.
          ბათუმის შოთა რუსთაველის სახელმწიფო უნივერსიტეტის მთავარი ბიბლიოთეკა ბათუმის შოთა რუსთაველის სახელმწიფო უნივერსიტეტის მთავარი ბიბლიოთეკა წიგნსაცავი 2018-12-17 15.00 1(479.22)(09) ქ-27 33690 2018-12-17 33690 2018-12-17 წიგნი 15ლ.20თ.
          ბათუმის შოთა რუსთაველის სახელმწიფო უნივერსიტეტის მთავარი ბიბლიოთეკა ბათუმის შოთა რუსთაველის სახელმწიფო უნივერსიტეტის მთავარი ბიბლიოთეკა წიგნსაცავი 2018-12-17 15.00 1(479.22)(09) ქ-27 33691 2018-12-17 33691 2018-12-17 წიგნი 15ლ.20თ
          ბათუმის შოთა რუსთაველის სახელმწიფო უნივერსიტეტის მთავარი ბიბლიოთეკა ბათუმის შოთა რუსთაველის სახელმწიფო უნივერსიტეტის მთავარი ბიბლიოთეკა წიგნსაცავი 2018-12-17 15.00 1(479.22)(09) ქ-27 27219 2018-12-17 27219 2018-12-17 წიგნი 15ლ.20თ.